000
00290nam a22001337a 4500
003
SGT
082
_a
615.535
_b
Y11S
100
_a
SHARMA, CHANDRABHAN
245
_a
YOGA NND NISARGOPACHAR
260
_a
VARANASI
_b
CHAUKHAMBHA PUB
_c
2011
300
_a
254
650
_a
YOGA
942
_2
ddc
_c
BK
_0
1
999
_c
8584
_d
8584